00673nam a2200181 i 450000100060000000300090000600500170001500700030003200800410003510000300007624500930010626000390019930000460023870000360028485200320032099900170035295201220036941428ES-MaACL20230906160428.0t|030310s1963 sp ||||1| spa d1 aCastelnuovo, Emma.93661010aGeometría intuitiva... / cEmma Castelnuovo ; traducción por Rafael Romero Mercadal. aBarcelona, etc. : bLabor, c1963. aXII, 296 p., 20 lám. : bil. ; c22 cm.1 aRomero Mercadal, Rafael.999415 aES-MaACLjC-23646 bR.52273 c41428d41428 00104070aATENEOMbATENEOMcDEPO2d2008-01-17eSCl0oC-23646p1043613r2023-02-23 00:00:00w2023-02-23yMONOGRAFIA